000 00669nam a2200217Ia 4500
005 20250508163033.0
008 008 250505s9999 xx 000 0 eng d
020 _a0-88410-169-X
037 _aTextual
040 _aFEDL
_beng
_cFEDL
041 _aeng
_2eng
084 _a155.3, ORE
_qFEDL
100 _aOremland Evelyn K. Ed.
_9457445
245 0 _aSexual and gender development of young children : The role of the educator
260 _aCambridge
_bBallinger Publishing Company
_c1977
300 _axiv,336p.
650 _aPersonality
700 _a Oremland Jerome D. Ed.
_9774594
942 _cTEXL
_h155.3, ORE
999 _c1380424
_d1380424